[Event "Lippe Cup 06th"]
[Site "Lieme"]
[Date "2009.10.17"]
[Round "2"]
[White "Broeker, Yannic"]
[Black "Henkemeier, Markus"]
[Result "0-1"]
[WhiteElo "1572"]
[BlackElo "1714"]
[PlyCount "74"]
[EventDate "2009.10.16"]
[EventType "swiss"]
[EventRounds "5"]
[EventCountry "GER"]
[SourceTitle "EXT 2012"]
[Source "ChessBase"]
[SourceDate "2011.11.24"]
[SourceVersion "1"]
[SourceVersionDate "2011.11.24"]
[SourceQuality "1"]

1. e4 c6 2. d4 d5 3. exd5 cxd5 4. Bd3 Qc7 5. c3 Nf6 6. Bg5 Nc6 7. Nd2 Bg4 8. Ngf3 e6 9. Bxf6 gxf6 10. h3 Bh5 11. Qb3 Bh6 12. 0-0 Bg6 13. Bxg6 hxg6 14. Rad1 0-0 15. Qa4 Kg7 16. c4 Rh8 17. cxd5 exd5 18. Qc2 Bf4 19. Nb3 Bd6 20. Qc3 Rac8 21. a3 b6 22. Qd3 Qd7 23. Nh2 Bxh2+ 24. Kxh2 Rhe8 25. Rfe1 Rxe1 26. Rxe1 Re8 27. Re3 Rxe3 28. Qxe3 Qf5 29. Qe2 Nxd4 30. Nxd4 Qf4+ 31. g3 Qxd4 32. b4 Qc3 33. Qe3 d4 34. Qf4 d3 35. h4 d2 36. Qd6 Qc1 37. g4 d1Q 0-1